Music Quiz

Random Music or Song Quiz

Figure Out the Lyrics (Beatles 1) Quiz Stats

Quiz Updated Jul 7, 2017

Challenge
Share
Tweet
Embed
Score 0/193 Timer 10:00
8 Plays Today
% Correct
I
97.4%
I
97.4%
I
97.4%
I
97.4%
I
97.4%
I
97.4%
I
97.4%
I
97.4%
I
97.4%
I
97.4%
I
97.4%
I
97.4%
I
97.4%
a
93.1%
a
93.1%
the
89.8%
the
89.8%
the
89.8%
the
89.8%
the
89.8%
the
89.8%
the
89.8%
the
89.8%
me
77.8%
me
77.8%
me
77.8%
me
77.8%
me
77.8%
me
77.8%
me
77.8%
me
77.8%
to
77.1%
to
77.1%
we
73.7%
we
73.7%
she
73.2%
she
73.2%
she
73.2%
she
73.2%
she
73.2%
she
73.2%
and
73.1%
and
73.1%
and
73.1%
and
73.1%
and
73.1%
and
73.1%
and
73.1%
and
73.1%
and
73.1%
and
73.1%
and
73.1%
is
64.9%
her
64.3%
it
63.1%
it
63.1%
see
58.2%
see
58.2%
for
58.2%
for
58.2%
all
56.7%
all
56.7%
want
55.7%
want
55.7%
am
54.5%
% Correct
am
54.5%
am
54.5%
am
54.5%
am
54.5%
am
54.5%
of
50.6%
of
50.6%
of
50.6%
where
50.3%
where
50.3%
have
48.9%
have
48.9%
have
48.9%
have
48.9%
girl
48.4%
girl
48.4%
world
47.6%
world
47.6%
Yes
45.7%
Yes
45.7%
Yes
45.7%
Yes
45.7%
Yes
45.7%
Yes
45.7%
can't
45.6%
can't
45.6%
time
44.3%
time
44.3%
day
42.6%
just
41.4%
just
41.4%
just
41.4%
just
41.4%
just
41.4%
just
41.4%
or
40.5%
or
40.5%
like
38.9%
like
38.9%
been
38.7%
been
38.7%
been
38.7%
were
38.1%
this
38%
this
38%
Had
38%
as
37.4%
seen
36.5%
seen
36.5%
way
36.4%
But
36.1%
But
36.1%
I've
34.7%
I've
34.7%
I've
34.7%
She's
34.6%
She's
34.6%
never
34.3%
never
34.3%
never
34.3%
met
33.3%
met
33.3%
met
33.3%
met
33.3%
place
33.2%
% Correct
place
33.2%
face
31.3%
face
31.3%
back
29.8%
back
29.8%
back
29.8%
back
29.8%
back
29.8%
back
29.8%
out
29.4%
forget
29.3%
forget
29.3%
other
27.8%
other
27.8%
we've
27.4%
we've
27.4%
might
26.8%
Oh
26.7%
again
26.6%
again
26.6%
again
26.6%
again
26.6%
again
26.6%
again
26.6%
another
25.9%
Falling
25.4%
falling
25.4%
Falling
25.4%
falling
25.4%
Falling
25.4%
falling
25.4%
Falling
25.4%
falling
25.4%
Falling
25.4%
falling
25.4%
falling
25.4%
falling
25.4%
looked
25.2%
I'll
25.1%
calling
24.3%
calling
24.3%
calling
24.3%
calling
24.3%
calling
24.3%
calling
24.3%
dream
23.9%
keeps
23.8%
keeps
23.8%
keeps
23.8%
keeps
23.8%
keeps
23.8%
keeps
23.8%
I'd
21.6%
tonight
20.9%
known
20.4%
things
20%
girls
19.5%
alone
19.5%
quite
17.9%
sight
17.3%
missed
16.6%
kept
16.2%
aware
15.8%

You're not logged in!

Compare scores with friends on all Sporcle quizzes.
Sign Up with Email
OR
Log In

You Might Also Like...

Show Comments

Extras

Top Quizzes Today


Score Distribution

Your Account Isn't Verified!

In order to create a playlist on Sporcle, you need to verify the email address you used during registration. Go to your Sporcle Settings to finish the process.